Loading...
| Fine Arts - Classical Music | 0 | 7 | 0 | 2 | 70 | 79 | 126.71 | 0 | 0 | 4.01 | 17.39 |
| History - Other | 0 | 6 | 0 | 1 | 60 | 76 | 111.67 | 0 | 1 | 6.15 | 18.92 |
| Science - Physics | 0 | 5 | 0 | 0 | 50 | 105 | 119.00 | 0 | 0 | 3.15 | 14.45 |
| History - American | 0 | 4 | 0 | 1 | 40 | 90 | 117.25 | 0 | 0 | 2.85 | 8.98 |
| History - World | 0 | 4 | 1 | 1 | 35 | 100 | 128.25 | 0 | 0 | 1.28 | 5.10 |
| Fine Arts - Painting & Sculpture | 0 | 3 | 0 | 1 | 30 | 124 | 129.00 | 0 | 0 | 0.68 | 5.09 |
| Science - Other | 0 | 2 | 0 | 1 | 20 | 94 | 112.50 | 0 | 0 | 1.58 | 4.56 |
| Science - Chemistry | 0 | 2 | 0 | 1 | 20 | 125 | 129.50 | 0 | 0 | 0.09 | 4.54 |
| Religion | 0 | 2 | 0 | 0 | 20 | 87 | 111.00 | 0 | 1 | 2.22 | 7.06 |
| History - European | 0 | 2 | 0 | 1 | 20 | 106 | 118.50 | 0 | 0 | 1.26 | 3.43 |
| Literature - European | 0 | 2 | 0 | 1 | 20 | 140 | 151.00 | 0 | 0 | 0.54 | 3.54 |
| Geography | 0 | 2 | 0 | 0 | 20 | 60 | 96.50 | 0 | 1 | 7.52 | 17.38 |
| Literature - American | 0 | 1 | 0 | 0 | 10 | 161 | 161.00 | 0 | 0 | 0.00 | 0.93 |
| Fine Arts - Other | 0 | 1 | 0 | 0 | 10 | 87 | 87.00 | 0 | 0 | 2.45 | 4.90 |
| Current Events | 0 | 1 | 0 | 1 | 10 | 137 | 137.00 | 0 | 0 | 0.00 | 2.65 |
| Literature - World | 0 | 1 | 0 | 0 | 10 | 139 | 139.00 | 0 | 0 | 0.08 | 3.92 |
| Mythology | 0 | 1 | 0 | 0 | 10 | 122 | 122.00 | 0 | 0 | 1.56 | 3.70 |
| Other Academic | 0 | 1 | 0 | 0 | 10 | 80 | 80.00 | 0 | 0 | 5.20 | 10.42 |
| Philosophy | 0 | 1 | 0 | 1 | 10 | 132 | 132.00 | 0 | 0 | 0.00 | 0.25 |